000 01432nam0a22002891 4500
001 rc\3693148
005 20260407151327.0
021 _aRU
_b[72-90198]
035 _a(NLR Aleph) 007850686
090 _a7779427
_c7779427
100 _a20130115d1972 |||y0rusy50 ca
101 0 _arus
102 _aRU
105 _aa z |||||
200 1 _aКачество воды рек и внутренних водоемов
_e[Сборник статей
_fНауч. ред. проф. Х.А. Вельнер]
_gМеждунар. гидрол. десятилетие. Междунар. высш. гидрол. курсы ЮНЕСКО при моск. гос. ун-те им. М.В. Ломоносова. 4-я сессия, 1972
210 _aМосква
_cБ. и.
_d1972
215 _a100 с., 2 л. граф.
_cчерт.
_d26
320 _aСписки лит. в конце статей
606 _aСточные воды
_xСпуск в водоемы
_jСборники
_2psbo
606 _aВодоемы
_xЗагрязнения и самоочищение
_jСборники
_2psbo
702 1 _aВельнер
_bХ.-А.А.
_gХаральд-Адам Аугустович
_4340
712 0 2 _aМеждународные высшие гидрологические курсы
_cМосква
_3RU\NLR\AUTH\8810091252
_9683750
801 0 _aRU
_bNLR
_gpsbo
801 1 _aRU
_bELAR
_2rusmarc
852 _aNLR
_j72-7/2031
942 _cBOOK
980 _aNB